200 Most Populous US Cities - Statistics

General Stats
  • This quiz has been taken 980 times
    938 since last reset
  • The average score is 116 of 200
Answer Stats
# City % Correct
2 Los Angeles
99%
3 Chicago
98%
4 Houston
97%
1 New York City
97%
9 Dallas
96%
43 Miami
95%
5 Phoenix
95%
8 San Diego
95%
13 San Francisco
94%
18 Seattle
94%
6 Philadelphia
93%
21 Boston
92%
23 Detroit
92%
156 Jackson
92%
49 New Orleans
92%
26 Portland
92%
38 Atlanta
91%
11 Austin
91%
19 Denver
91%
7 San Antonio
91%
20 Washington
91%
46 Minneapolis
90%
10 San Jose
90%
12 Jacksonville
89%
171 Kansas City
89%
14 | 124 Columbus
88%
28 Las Vegas
88%
72 Orlando
88%
35 Sacramento
88%
24 Nashville
87%
27 Oklahoma City
87%
16 Indianapolis
86%
52 Tampa
86%
51 Cleveland
85%
65 Pittsburgh
85%
62 St. Louis
85%
30 Baltimore
84%
17 Charlotte
84%
66 Cincinnati
84%
116 Salt Lake City
84%
25 Memphis
83%
31 Milwaukee
83%
32 Albuquerque
82%
99 Baton Rouge
82%
98 Boise
81%
81 Buffalo
81%
22 El Paso
81%
15 Fort Worth
81%
107 Birmingham
80%
29 Louisville
79%
40 Omaha
79%
41 Raleigh
79%
97 Richmond
78%
63 Saint Paul
78%
155 | 165 Springfield
78%
33 Tucson
78%
56 Honolulu
75%
120 Little Rock
75%
128 Tallahassee
75%
82 Madison
74%
47 Tulsa
74%
44 Virginia Beach
74%
89 Winston-Salem
74%
34 Fresno
73%
42 Colorado Springs
72%
100 Des Moines
72%
71 Lincoln
72%
45 Oakland
72%
151 Salem
72%
70 Newark
71%
137 Providence
71%
86 Reno
71%
50 Wichita
71%
118 Montgomery
70%
67 Anchorage
69%
122 Augusta
66%
129 Mobile
66%
55 Anaheim
65%
110 Rochester
65%
53 Bakersfield
64%
36 | 39 Long Beach
64%
37 Mesa
64%
180 Savannah
64%
74 Toledo
64%
59 Corpus Christi
63%
60 Lexington
63%
101 Spokane
63%
48 Arlington
62%
119 Grand Rapids
62%
75 Jersey City
62%
78 Fort Wayne
61%
131 Knoxville
61%
189 Dayton
60%
68 Greensboro
60%
143 Sioux Falls
60%
184 Syracuse
60%
121 Akron
59%
79 St. Petersburg
59%
104 Tacoma
59%
77 Durham
58%
54 | 115 Aurora
57%
58 Riverside
57%
88 Norfolk
56%
140 Chattanooga
55%
138 Fort Lauderdale
55%
57 Santa Ana
55%
61 Stockton
54%
83 Lubbock
53%
152 Eugene
52%
73 Irvine
51%
90 North Las Vegas
51%
85 Scottsdale
51%
64 Henderson
49%
80 Laredo
49%
113 Yonkers
49%
76 Chula Vista
47%
87 | 112 Glendale
47%
132 Worcester
47%
93 Irving
46%
126 Shreveport
46%
193 Waco
46%
179 Bridgeport
45%
84 Chandler
45%
69 Plano
45%
146 Vancouver
45%
158 Fort Collins
44%
172 Macon
44%
109 Fayetteville
43%
114 Huntington Beach
43%
139 Newport News
43%
168 | 186 Pasadena
43%
153 Peoria
42%
133 Tempe
42%
161 Alexandria
41%
92 Chesapeake
41%
106 Santa Clarita
41%
96 Fremont
40%
123 Huntsville
40%
103 Modesto
40%
108 Oxnard
40%
91 Gilbert
39%
135 Brownsville
38%
95 Garland
38%
94 Hialeah
38%
167 Hollywood
38%
187 Orange
38%
147 Santa Rosa
37%
134 Cape Coral
35%
185 McAllen
35%
145 Ontario
35%
175 Joliet
34%
197 Midland
34%
130 Port St. Lucie
34%
157 Cary
32%
105 Fontana
32%
160 Lancaster
32%
176 Naperville
32%
144 Oceanside
32%
177 Rockford
32%
102 San Bernadino
32%
178 Torrance
32%
142 Frisco
31%
125 Grand Prairie
31%
127 Overland Park
31%
174 Paterson
31%
141 Rancho Cucamonga
31%
149 Elk Grove
30%
173 Escondido
30%
200 Warren
30%
154 Corona
28%
188 Fullerton
28%
111 Moreno Valley
28%
163 Palmdale
28%
162 Salinas
28%
148 Garden Grove
27%
183 Mesquite
27%
182 Bellevue
26%
150 Pembroke Pines
25%
166 Sunnyvale
25%
164 Lakewood
24%
136 McKinney
24%
199 Roseville
23%
169 Clarksville
22%
195 Denton
22%
194 Murfreesboro
22%
191 Olathe
22%
190 Miramar
21%
196 West Valley City
21%
181 Killeen
20%
159 Hayward
18%
192 Thornton
18%
170 Ponoma
14%
117 Amardillo
10%
198 Carrolton
10%
No matching quizzes found
Score Distribution
Percent of People with Each Score
Percentile by Number Answered
Your Score History
You have not taken this quiz since the last reset